00774cam4a220021700 4500001001200000005001700012008004100029035001900070035002200089035002200111040000900133060002100142100005700163245007400220260004100294440010800335500002100443504002900464700005700493004000600550qce0260836120190826084100.0820128s1955 nyuac 000 0 eng d a(Sirsi) r59137 a(QCAT)lss04956400 a(UPRA)qce02608361 dUPRA0 aW1bPR584XN 19541 aHoch, Paul H., 1902-dHoch, Paul H., 1902-6A10788.110aPsychopathology of childhood /ced. by Paul H. Hoch and Joseph Zubin. aNew York :bGrune & Stratton,c1955. 0aProceedings of the annual meeting of the American Psychopathological Association ;v44th, 19546S2814.1 aReprint of 1962. aIncludes bibliographies.1 aZubin, Joseph, 1900-dZubin, Joseph, 1900-6A10789.159137